L'obra de la Mancomunitat al Berguedà
Descripción Física:
74 pàgines : il·lustracions, gràfics, taules ; 30 cm
Otros Autores:
Serra, Rosa, 1958-
Idioma:
Catalán
MARC
| LEADER | 00000nam a22000004i 4500 | ||
|---|---|---|---|
| 001 | 25232 | ||
| 003 | Arxiu | ||
| 005 | 20260324180728.0 | ||
| 008 | 180403s2021 spcd||| 000 0 cat c | ||
| 017 | |a DL B 17.569-1982 |b Biblioteca de Catalunya | ||
| 040 | |a ES-TeMCT |b cat |e rda |c ES-TeMCT | ||
| 080 | |a 796 |x (460.235) |2 2004 | ||
| 245 | 0 | 3 | |a L'obra de la Mancomunitat al Berguedà |c directora Rosa Serra Rotés |
| 264 | 1 | |a Berga : |b Àmbit de Recerques del Berguedà, |c 2014 | |
| 300 | |a 74 pàgines : |b il·lustracions, gràfics, taules ; |c 30 cm | ||
| 336 | |a text |b txt |2 rdacontent | ||
| 337 | |a sense mediació |b n |2 rdamedia | ||
| 338 | |a volum |b nc |2 rdacarrier | ||
| 500 | |a Número monogràfic de: l'Erol, número 122, hivern 2014 | ||
| 610 | 2 | 0 | |a Catalunya. |b Mancomunitat |z Catalunya |z Berguedà. |
| 700 | 1 | |a Serra, Rosa, |d 1958- |e editor literari |9 51705 | |
| 710 | 2 | |a Àmbit de Recerques del Berguedà, |e entitat editora |9 55653 | |
| 740 | 2 | |a L'Erol : revista cultural del Berguedà | |
| 908 | |a Mnactec | ||
| 940 | |a mNACTEC | ||
| 942 | |c ARXIU |n 1 |2 udc | ||
| 952 | |0 0 |1 0 |2 udc |4 0 |6 FU67127 |7 1 |9 61213 |a Arxiu |b Arxiu |d 2022-04-04 |o FU-67-127 |p 25232 |r 2022-04-04 00:00:00 |w 2022-04-04 |y ARXIU | ||
| 999 | |c 81248 |d 81248 | ||